000 00734cam a2200241 a 4500
001 14117315
005 20180209050159.0
008 050922s2007 njua b 001 0 eng
010 _a 2005027596
020 _a0132213893 (alk. paper)
040 _aDLC
_cDLC
_dDLC
041 _aeng
042 _apcc
080 _a332.024 ART
082 0 0 _a332.024 ART
_222
100 1 _a60
101 _aFIN
245 1 0 _aPersonal finance :
_cArthur J. Keown.
504 _aIncludes bibliographical references and index.
906 _a7
_bcbc
_corignew
_d1
_eecip
_f20
_gy-gencatlg
942 _2ddc
_cBK
999 _c42238
_d42238